00484nam a2200145 a 4500008004100000020001500041050002200056100001800078245013000096260004400226300002300270350000900293650001600302650002000318120416s2002 ||||||||||||||||| || u a0393322793 aQH 541.15.M64 Sta aStarke, Linda10aState of the world 2002: a world watch institute report on progress towards a sustainable societycLinda Starke; [and others] aNew York:bW.W Norton and Companyc2002 axxii, 265p. : ill. a0.00 aENVIRONMENT aWORLD GEOGRAPHY